000 00559nam a2200193Ia 4500
008 131103s9999 xx 000 0 und d
020 _a019563047 5
_cRs.50
040 _aLoreto College
041 _aEnglish
082 _a822.91/OSB
_bLCLIB/45645
100 _aOsborne,John
245 _aLook back in anger
_b a play in three acts
_cJohn Osborne
260 _aBombay
_bOxford University Press
_c1994
300 _a157 p.
_c 22 cm.
504 _aIncludes bibliographical references
650 _aOsborn,John
850 _aLCLIB/822.91/OSB
942 _cBK
999 _c35910
_d86389